Lo Strano Caso Del Cane Ucciso A Mezzanotte

محفوظ في:
التفاصيل البيبلوغرافية
المؤلف الرئيسي: Mark Haddon
التنسيق: كتاب
اللغة:لغة غير معروفة
منشور في: Einaudi
الوسوم: إضافة وسم
لا توجد وسوم, كن أول من يضع وسما على هذه التسجيلة!

MARC

LEADER 00000nam a2200000Ia 4500
001 R-447
003 CODICE-MESSINA
005 20260212102452.0
008 260211s9999 xx 000 0 und d
040 |c importazione_messina 
100 |a Mark Haddon 
245 0 |a Lo Strano Caso Del Cane Ucciso A Mezzanotte 
260 |b Einaudi 
942 |2 ddc  |c BK 
952 |0 0  |1 0  |2 ddc  |4 0  |6 SCAFFALE_4_000000000000000__ROMANZI  |7 0  |9 31267  |a ME  |b ME  |d 2026-02-11  |l 0  |o SCAFFALE 4 - ROMANZI  |p R-447  |r 2026-02-11 23:52:26  |w 2026-02-11  |x [REVISIONARE]  |y BK 
999 |c 26931  |d 26931